Circuitos administrativos : técnicas y casos /

Guardado en:
Autor Principal: Klein, Miguel Jorge.
Formato: Libro
Idioma:Spanish
Publicado: Buenos Aires : Tesis, impreso en 1982.
Edición:4a. ed.
Materias:
Etiquetas: Agregar Etiqueta
Sin Etiquetas, Sea el primero en etiquetar este registro!
LEADER 00730nam a22002175a 4500
001 EAD.ead000139
008 810804s1982####ag#a##########000#0#spa##
005 20080314144608.0
245 1 0 |a Circuitos administrativos :  |b técnicas y casos /  |c Miguel Jorge Klein. 
250 |a 4a. ed. 
260 |a Buenos Aires :  |b Tesis,  |c impreso en 1982. 
300 |a 250 p. :  |b diagrs. ;  |c 22 cm. 
500 |a Acompañado de 10 organigramas-cursogramas. 
100 1 |a Klein, Miguel Jorge. 
082 0 4 |a 658.4032  |2 21 
650 7 |a Diagramas de flujo.  |2 unbist 
650 7 |a Análisis de sistemas.  |2 unbist 
653 |a Cursogramas 
010 |a  81467262  
040 |a DLC  |c DLC  |d DLC 
859 |a AR-BaBDC  |b BIB. ADMINISTRACION - Libros  |h 658.4032  |i K672a4  |p b01643